Entomologia de Catalunya : Dípters : fascicle I : generalitats i classificació / pel Dr. D. Josep Arias Encobet Dípters :
Publicado:
Barcelona :
Institut d' Estudis Catalans : Publicacions de l'Institut de Ciències, [s.a.]
Descripción Física:
55 p. ; 28 cm
Colección:
Fauna de Catalunya
Materias:
Dípters -- Catalunya
MARC
| LEADER | 00000nam a2200000Ia 4500 | ||
|---|---|---|---|
| 001 | 8649 | ||
| 008 | 160829s9999 xx 000 0 cat d | ||
| 080 | |a C-2-151 | ||
| 100 | |a Arias Encobet, Josep |9 21161 | ||
| 245 | |a Entomologia de Catalunya : |b Dípters : |b fascicle I : |b generalitats i classificació / pel Dr. D. Josep Arias Encobet | ||
| 260 | |a Barcelona : |b Institut d' Estudis Catalans : |b Publicacions de l'Institut de Ciències, [s.a.] | ||
| 300 | |a 55 p. ; |c 28 cm | ||
| 490 | |a Fauna de Catalunya | ||
| 650 | |a Dípters |x Catalunya |9 21162 | ||
| 710 | 2 | |a Institut d'Estudis Catalans |9 52284 | |
| 901 | |a Arxiu | ||
| 942 | |n 1 | ||
| 952 | |0 0 |1 0 |4 0 |6 C2151 |7 1 |9 41809 |a Arxiu |b Arxiu |d 2016-12-01 |l 0 |o C-2-151 |p 8649 |r 2016-12-01 00:00:00 |w 2016-12-01 |y ARXIU | ||
| 999 | |c 43732 |d 43732 | ||